[Event "Bronshoj Lang Weekend 2013"]
[Site "Bronshoj"]
[Date "2013.02.09"]
[Round "3"]
[White "Kristensen, Lars Ostergaard"]
[Black "Schmidt, Horst Hubert"]
[Result "0-1"]
[WhiteElo "1495"]
[BlackElo "1683"]
[PlyCount "85"]
[EventDate "2013.??.??"]
[EventType "swiss"]
[EventRounds "7"]
[EventCountry "DEN"]

1. d4 Nf6 2. c4 e6 3. Nf3 Bb4+ 4. Bd2 Qe7 5. Qb3 Bxd2+ 6. Nbxd2 d5 7. e3 O-O 8.
Bd3 Nc6 9. Rc1 Na5 10. Qc3 Nc6 11. O-O Bd7 12. a3 a5 13. cxd5 Nxd5 14. Qc2 h6
15. Rfe1 f5 16. Nc4 Rfc8 17. Nce5 Nxe5 18. Nxe5 c6 19. Qe2 Be8 20. Rc5 Qg5 21.
Qf3 Bh5 22. Qg3 Qf6 23. f4 Rd8 24. Bc4 Ne7 25. Ba2 Kh7 26. Qf2 Rd6 27. Qd2 b6
28. Rc3 c5 29. Nc4 Rdd8 30. Nxb6 Rab8 31. Rxc5 Rxb6 32. Qxa5 Rdd6 33. Qa7 Rxb2
34. Rc7 Qg6 35. g3 Bf3 36. Rxe7 Rg2+ 37. Kf1 Rxa2 38. Qb8 Rc6 39. Re8 Qf7 40.
Rh8+ Kg6 41. Rb1 Rcc2 42. Rb7 Rf2+ 43. Ke1 0-1

[Event "Bronshoj Lang Weekend 2013"]
[Site "Bronshoj"]
[Date "2013.02.09"]
[Round "3"]
[White "Christensen, Esben"]
[Black "Kyrkjebo, Eirik"]
[Result "1-0"]
[WhiteElo "1926"]
[BlackElo "1733"]
[PlyCount "55"]
[EventDate "2013.??.??"]
[EventType "swiss"]
[EventRounds "7"]
[EventCountry "DEN"]

1. e4 d5 2. Nc3 d4 3. Nce2 e5 4. Nf3 Bd6 5. Ng3 Nf6 6. Bc4 O-O 7. O-O Nc6 8. a4
Be6 9. Qe2 Nb4 10. c3 Bxc4 11. Qxc4 Nc6 12. Re1 Na5 13. Qa2 c5 14. b4 cxb4 15.
cxd4 b3 16. Qb1 Qb6 17. dxe5 Bc5 18. d4 Bxd4 19. Nxd4 Qxd4 20. Bb2 Qd2 21. Rd1
Qc2 22. exf6 Rac8 23. Nf5 h6 24. Ne7+ Kh7 25. fxg7 Rfd8 26. Nxc8 Rxc8 27. Rc1
Qxb1 28. Raxb1 1-0

[Event "Bronshoj Lang Weekend 2013"]
[Site "Bronshoj"]
[Date "2013.02.09"]
[Round "3"]
[White "Mouritsen, Jan"]
[Black "Stuhr, Peter Sebastian"]
[Result "0-1"]
[WhiteElo "1714"]
[BlackElo "1825"]
[PlyCount "44"]
[EventDate "2013.??.??"]
[EventType "swiss"]
[EventRounds "7"]
[EventCountry "DEN"]

1. d4 f5 2. Nf3 Nf6 3. g3 b6 4. Bg2 Bb7 5. O-O e6 6. c4 d5 7. b3 Bd6 8. Bb2 O-O
9. Nbd2 Nbd7 10. Rc1 Ne4 11. Ne5 f4 12. Nxd7 Qxd7 13. Nxe4 dxe4 14. Qc2 f3 15.
exf3 exf3 16. Bh3 Qf7 17. Rfe1 Rae8 18. Re3 Qh5 19. Bf1 Rf6 20. Rce1 Bxg3 21.
fxg3 f2+ 22. Qxf2 Rxf2 0-1

[Event "Bronshoj Lang Weekend 2013"]
[Site "Bronshoj"]
[Date "2013.02.09"]
[Round "3"]
[White "Hansen, Henrik Damgaard"]
[Black "Hansen, Morten Juhl"]
[Result "1-0"]
[WhiteElo "1679"]
[BlackElo "1000"]
[PlyCount "63"]
[EventDate "2013.??.??"]
[EventType "swiss"]
[EventRounds "7"]
[EventCountry "DEN"]

1. e4 e5 2. Nf3 Nf6 3. d3 Nc6 4. h3 d5 5. exd5 Qxd5 6. Nc3 Bb4 7. Bd2 Qe6 8.
Be2 Bd7 9. O-O h6 10. a3 Ba5 11. b4 Bb6 12. Be3 Bxe3 13. fxe3 g5 14. Nd2 h5 15.
Nde4 Nxe4 16. Nxe4 O-O-O 17. Rf6 Qe7 18. Bxh5 Rh7 19. Bg4 Rg8 20. Bxd7+ Qxd7
21. Nc5 Qe8 22. Qg4+ Kb8 23. Raf1 Rgg7 24. Qf5 Nd4 25. exd4 exd4 26. Qe4 Qc8
27. Qf5 Qe8 28. Ne4 Qa4 29. Qd5 a6 30. Qd8+ Ka7 31. Qxc7 Qxa3 32. Rb6 1-0

[Event "Bronshoj Lang Weekend 2013"]
[Site "Bronshoj"]
[Date "2013.02.09"]
[Round "3"]
[White "Moller, Arne Vagn"]
[Black "Jensen, Simon Stibolt"]
[Result "1-0"]
[WhiteElo "1745"]
[BlackElo "1519"]
[PlyCount "101"]
[EventDate "2013.??.??"]
[EventType "swiss"]
[EventRounds "7"]
[EventCountry "DEN"]

1. e4 e5 2. Nf3 d6 3. d4 exd4 4. Nxd4 Nc6 5. Nxc6 bxc6 6. Bd3 Be7 7. O-O Nf6 8.
Nc3 O-O 9. Bf4 Bg4 10. f3 Be6 11. Bg3 Nh5 12. Ne2 Bh4 13. Bxh4 Qxh4 14. Qe1 Qf6
15. c3 Rab8 16. Qd2 Qe5 17. f4 Qc5+ 18. Kh1 f5 19. Nd4 Bd7 20. b4 Rxb4 21. cxb4
Qxd4 22. Rad1 fxe4 23. Bc2 Qxd2 24. Rxd2 d5 25. Bxe4 Nxf4 26. Bf3 Rf6 27. Rfd1
Bf5 28. Rd4 Ne6 29. R4d2 Ng5 30. b5 Be4 31. Bg4 cxb5 32. h4 Ne6 33. Bf3 Bxf3
34. gxf3 c6 35. Rc1 Nd8 36. Kg2 Kf7 37. a4 b4 38. a5 Rf4 39. Kg3 Rf6 40. Rd4
Rg6+ 41. Kf2 b3 42. Rb4 Rd6 43. Rxb3 Rd7 44. a6 Ke7 45. Rcb1 Kd6 46. h5 h6 47.
f4 c5 48. Rg3 Ne6 49. Rgb3 Rf7 50. Kg3 Rf6 51. Rb7 1-0

[Event "Bronshoj Lang Weekend 2013"]
[Site "Bronshoj"]
[Date "2013.02.09"]
[Round "3"]
[White "Jacobsen, Mikkel Manosri"]
[Black "Pedersen, Bo V"]
[Result "1-0"]
[WhiteElo "1822"]
[BlackElo "1425"]
[PlyCount "77"]
[EventDate "2013.??.??"]
[EventType "swiss"]
[EventRounds "7"]
[EventCountry "DEN"]

1. d4 Nf6 2. Nf3 g6 3. Bf4 d6 4. e3 Bg7 5. Be2 Nh5 6. O-O Nxf4 7. exf4 O-O 8.
Nbd2 c5 9. c3 cxd4 10. cxd4 Nc6 11. Nb3 b6 12. Qd2 d5 13. Ne5 Bb7 14. Rac1 Qd6
15. Bb5 Rfc8 16. Qe3 a6 17. Bxc6 Bxc6 18. Nxc6 Rxc6 19. Rxc6 Qxc6 20. Qxe7 Rc8
21. h3 Qe6 22. Qxe6 fxe6 23. Re1 Kf7 24. Re2 Rc4 25. g3 Bxd4 26. Nxd4 Rxd4 27.
Rc2 Rc4 28. Rc3 h5 29. Rxc4 dxc4 30. Kf1 Ke7 31. Ke2 b5 32. Ke3 Kd6 33. Kd4 a5
34. a4 b4 35. Kxc4 Kc6 36. h4 Kd6 37. Kb5 Kd5 38. Kxa5 Kc5 39. b3 1-0

[Event "Bronshoj Lang Weekend 2013"]
[Site "Bronshoj"]
[Date "2013.02.09"]
[Round "3"]
[White "Jensen, Jonbert"]
[Black "Kyrkjebo, Marte Bakken"]
[Result "0-1"]
[WhiteElo "1392"]
[BlackElo "1632"]
[PlyCount "46"]
[EventDate "2013.??.??"]
[EventType "swiss"]
[EventRounds "7"]
[EventCountry "DEN"]

1. e4 e5 2. Nf3 Nc6 3. Be2 Nf6 4. d3 d5 5. Bg5 dxe4 6. Bxf6 Qxf6 7. dxe4 Qg6 8.
O-O Be7 9. Kh1 Qxe4 10. Nc3 Qg6 11. Bd3 f5 12. Bb5 O-O 13. Nd5 Bd6 14. Bxc6
bxc6 15. Nxe5 Qh6 16. f4 cxd5 17. Qxd5+ Be6 18. Qd2 Bxe5 19. Rae1 Bd6 20. Rf3
Rae8 21. b3 Bd7 22. Ref1 Bc6 23. Rg3 Bxf4 0-1

[Event "Bronshoj Lang Weekend 2013"]
[Site "Bronshoj"]
[Date "2013.02.10"]
[Round "4"]
[White "Semcesen, Daniel"]
[Black "Christiansen, Johan Sebastian"]
[Result "1-0"]
[WhiteElo "2479"]
[BlackElo "2071"]
[PlyCount "131"]
[EventDate "2013.??.??"]
[EventType "swiss"]
[EventRounds "7"]
[EventCountry "DEN"]

1. d4 Nf6 2. c4 c5 3. d5 b5 4. Nf3 g6 5. Qc2 bxc4 6. e4 Bg7 7. Bxc4 d6 8. O-O
O-O 9. Re1 Ba6 10. Na3 Nfd7 11. Bd2 Nb6 12. Rab1 Bxc4 13. Nxc4 Nxc4 14. Qxc4
Qb6 15. b4 Qa6 16. b5 Qb7 17. a4 Nd7 18. a5 Rab8 19. Rb3 Qc7 20. Reb1 Rb7 21.
h4 h5 22. Ra3 Re8 23. Ng5 Ne5 24. Qa4 Qd7 25. Bc3 Reb8 26. Rab3 Rc8 27. Qa1 Qg4
28. b6 a6 29. g3 Bf6 30. Qa4 Bxg5 31. Bxe5 Bxh4 32. Ba1 Bg5 33. Qc4 Ra8 34. Kg2
Bh6 35. Rh1 Bg7 36. Bxg7 Kxg7 37. Qc3+ f6 38. Rh4 Qd7 39. Rb1 Qa4 40. e5 Qa2
41. exf6+ exf6 42. Re1 Qxd5+ 43. Kg1 Rf8 44. Rhe4 Rff7 45. Re6 Rbd7 46. R1e3
Qd1+ 47. Kg2 Qd5+ 48. Kh2 Qf5 49. Kg1 Qd5 50. Re8 Qd1+ 51. Kh2 Qd5 52. Qe1 Qf5
53. Rc8 Rde7 54. Rxe7 Qxc8 55. b7 Qb8 56. Qe6 Rxe7 57. Qxe7+ Kh6 58. Qd7 c4 59.
Qc8 Qa7 60. Kg2 Qd4 61. b8=Q Qe4+ 62. Kh2 Qc2 63. Qb6 d5 64. Qf8+ Kg5 65.
Qbxf6+ Kg4 66. Qh4# 1-0

[Event "Bronshoj Lang Weekend 2013"]
[Site "Bronshoj"]
[Date "2013.02.10"]
[Round "4"]
[White "Stojanovski, Sandi"]
[Black "Pedersen, Nicolai Vesterbaek"]
[Result "1/2-1/2"]
[WhiteElo "2230"]
[BlackElo "2440"]
[PlyCount "109"]
[EventDate "2013.??.??"]
[EventType "swiss"]
[EventRounds "7"]
[EventCountry "DEN"]

1. d4 Nf6 2. c4 e6 3. Nc3 Bb4 4. e3 O-O 5. Bd3 c5 6. Nf3 b6 7. O-O Bb7 8. Bd2
d5 9. a3 Bxc3 10. Bxc3 dxc4 11. Bxc4 Ne4 12. Rc1 Nd7 13. Qe2 Nxc3 14. Rxc3 Bxf3
15. Qxf3 cxd4 16. exd4 Rc8 17. Rd1 Nf6 18. d5 exd5 19. Bxd5 Rxc3 20. bxc3 Qc7
21. g3 Re8 22. c4 Re5 23. Qf4 Re7 24. Qd2 Re5 25. Re1 Qe7 26. Rxe5 Qxe5 27. Kg2
h6 28. Bf3 Qc7 29. Qd4 Kf8 30. Qd3 Ke7 31. Qe3+ Kf8 32. Qd3 Qd7 33. Qe3 Qd6 34.
Kg1 Qe7 35. Qd3 Ke8 36. Kg2 Qc5 37. Kg1 Ke7 38. Kg2 Qe5 39. Kg1 Nd7 40. Bd5 Nf6
41. Bf3 Ne8 42. Bd5 Nd6 43. Kg2 Nf5 44. Bc6 Nd6 45. Bd5 a5 46. Qb3 Qd4 47. Qf3
g6 48. Kg1 g5 49. h3 Qe5 50. Qb3 Qd4 51. Qf3 Qe5 52. Qb3 Qa1+ 53. Kg2 Qd4 54.
Qf3 Qe5 55. Qb3 1/2-1/2

[Event "Bronshoj Lang Weekend 2013"]
[Site "Bronshoj"]
[Date "2013.02.10"]
[Round "4"]
[White "Nielsen, Henning"]
[Black "Rosenkilde, Alexander"]
[Result "0-1"]
[WhiteElo "2129"]
[BlackElo "2242"]
[PlyCount "81"]
[EventDate "2013.??.??"]
[EventType "swiss"]
[EventRounds "7"]
[EventCountry "DEN"]

1. e4 c5 2. Nf3 Nc6 3. d4 cxd4 4. Nxd4 Nf6 5. Nc3 e5 6. Ndb5 d6 7. Bg5 a6 8.
Na3 b5 9. Nd5 Be7 10. Bxf6 Bxf6 11. c3 O-O 12. Nc2 Bg5 13. g3 Ne7 14. Nce3 Bxe3
15. Nxe3 Rb8 16. Qd2 Qb6 17. Bg2 Be6 18. O-O a5 19. Rfd1 Rfd8 20. Nd5 Bxd5 21.
exd5 b4 22. Rac1 bxc3 23. bxc3 Qc5 24. Rb1 Rb6 25. Rb2 Rdb8 26. Rdb1 g6 27.
Rxb6 Rxb6 28. Rd1 Kg7 29. h4 h5 30. Bf1 a4 31. Be2 a3 32. Qd3 Rb2 33. Qc4 Qxc4
34. Bxc4 Nc8 35. Bb3 Nb6 36. Kf1 Nd7 37. Re1 Nc5 38. Bc4 f5 39. Re3 Ne4 40. Ke1
Nxf2 41. Bb3 0-1

[Event "Bronshoj Lang Weekend 2013"]
[Site "Bronshoj"]
[Date "2013.02.10"]
[Round "4"]
[White "Yssing, Klaus"]
[Black "Nohr, Finn"]
[Result "0-1"]
[WhiteElo "1914"]
[BlackElo "2054"]
[PlyCount "72"]
[EventDate "2013.??.??"]
[EventType "swiss"]
[EventRounds "7"]
[EventCountry "DEN"]

1. d4 d5 2. c4 c6 3. cxd5 cxd5 4. Nc3 Nf6 5. Nf3 Nc6 6. Bg5 Ne4 7. e3 Nxg5 8.
Nxg5 e6 9. Nf3 Bd6 10. Be2 O-O 11. O-O Bd7 12. a3 f5 13. b4 g5 14. b5 g4 15.
bxc6 gxf3 16. cxd7 fxe2 17. Qxe2 Qxd7 18. Qb5 Qe7 19. a4 Rac8 20. Ne2 Rc4 21.
Rab1 b6 22. Rfc1 Rfc8 23. g3 Kf7 24. Rxc4 Rxc4 25. Rc1 Rxc1+ 26. Nxc1 Qc7 27.
Nd3 Ke7 28. Kg2 Qc4 29. Kf3 a6 30. Qb1 Qxa4 31. g4 fxg4+ 32. Kxg4 Qe8 33. Ne5
Bxe5 34. Qxh7+ Qf7 35. Qxf7+ Kxf7 36. dxe5 a5 0-1

[Event "Bronshoj Lang Weekend 2013"]
[Site "Bronshoj"]
[Date "2013.02.10"]
[Round "4"]
[White "Nilsson, Lars Kjoller"]
[Black "Danielsson, Dominik"]
[Result "0-1"]
[WhiteElo "2036"]
[BlackElo "1895"]
[PlyCount "88"]
[EventDate "2013.??.??"]
[EventType "swiss"]
[EventRounds "7"]
[EventCountry "DEN"]

1. e4 c6 2. c4 g6 3. Nc3 Bg7 4. d4 d6 5. Be3 Nf6 6. f3 O-O 7. Bd3 e5 8. Nge2
exd4 9. Nxd4 d5 10. cxd5 cxd5 11. exd5 Nxd5 12. Nxd5 Qxd5 13. Be4 Qa5+ 14. Kf2
Nc6 15. Nxc6 bxc6 16. Bxc6 Rb8 17. b3 Rd8 18. Qc2 Bf5 19. Qc5 Rd2+ 20. Kg3 Qxc5
21. Bxc5 Bxa1 22. Rxa1 Rc2 23. Bxa7 Rd8 24. Bb5 Ra8 25. Bd4 Raxa2 26. Rxa2 Rxa2
27. b4 g5 28. Bf6 h6 29. h4 gxh4+ 30. Bxh4 Be6 31. Be7 Rb2 32. Bc6 Bc4 33. f4
f5 34. Bd7 Kf7 35. Bc5 Bd3 36. Bc6 Be4 37. Bxe4 fxe4 38. Kh3 h5 39. g4 e3 40.
Kg3 e2 41. Kf2 hxg4 42. f5 g3+ 43. Ke1 g2 44. Kf2 g1=Q+ 0-1

[Event "Bronshoj Lang Weekend 2013"]
[Site "Bronshoj"]
[Date "2013.02.10"]
[Round "4"]
[White "Pedersen, Jan Nordenbaek"]
[Black "Eddy, Samuel"]
[Result "1-0"]
[WhiteElo "2263"]
[BlackElo "2009"]
[PlyCount "43"]
[EventDate "2013.??.??"]
[EventType "swiss"]
[EventRounds "7"]
[EventCountry "DEN"]

1. Nf3 d6 2. d4 f5 3. g3 g6 4. Bg2 Bg7 5. O-O Nf6 6. c4 O-O 7. d5 Na6 8. Nc3 e5
9. dxe6 Nc5 10. Nd4 c6 11. Bf4 Nxe6 12. Nxe6 Bxe6 13. Bxd6 Bxc4 14. Bxf8 Qxf8
15. Qc2 Re8 16. Rad1 Ng4 17. Rd7 Qb4 18. a3 Qb6 19. Ne4 Bb3 20. Rxg7+ Kxg7 21.
Qc3+ Kf7 22. Nd6+ 1-0

[Event "Bronshoj Lang Weekend 2013"]
[Site "Bronshoj"]
[Date "2013.02.10"]
[Round "4"]
[White "Ronsted, Torben"]
[Black "Petersen, Peter Birk"]
[Result "0-1"]
[WhiteElo "2009"]
[BlackElo "2121"]
[PlyCount "104"]
[EventDate "2013.??.??"]
[EventType "swiss"]
[EventRounds "7"]
[EventCountry "DEN"]

1. d4 g6 2. c4 Bg7 3. e4 d6 4. Be2 e5 5. dxe5 dxe5 6. Qxd8+ Kxd8 7. Bg5+ f6 8.
Be3 Be6 9. Nc3 Nd7 10. O-O-O Nh6 11. f3 Nf7 12. h4 h5 13. Nh3 c6 14. Rd2 Kc7
15. Nf2 Bh6 16. Nfd1 a5 17. Na4 b6 18. Kb1 Bxe3 19. Nxe3 Rhd8 20. Rhd1 Nc5 21.
Nxc5 bxc5 22. Kc2 Rd4 23. Kc3 f5 24. Bd3 f4 25. Nc2 Rd7 26. Be2 g5 27. Rxd7+
Bxd7 28. hxg5 Rg8 29. Ne1 Rxg5 30. Bf1 Be6 31. Nd3 Kb6 32. a4 h4 33. Nf2 Rg3
34. Rd3 Kc7 35. b3 h3 36. gxh3 Ng5 37. h4 Nxf3 38. h5 Ng5 39. h6 Bg8 40. Kc2
Bh7 41. Rd2 Nf3 42. Rd1 Nd4+ 43. Kb2 Rg6 44. Bh3 Rxh6 45. Rg1 Bxe4 46. Rg7+ Kb6
47. Bc8 Rh7 48. Rxh7 Bxh7 49. Ng4 Kc7 50. Ba6 e4 51. Kc3 Bf5 52. Nh2 Kb6 0-1

[Event "Bronshoj Lang Weekend 2013"]
[Site "Bronshoj"]
[Date "2013.02.10"]
[Round "4"]
[White "Kirknel, Thomas"]
[Black "Jacobsen, Mikkel Manosri"]
[Result "1-0"]
[WhiteElo "2111"]
[BlackElo "1822"]
[PlyCount "61"]
[EventDate "2013.??.??"]
[EventType "swiss"]
[EventRounds "7"]
[EventCountry "DEN"]

1. e4 c6 2. Nf3 d5 3. Nc3 dxe4 4. Nxe4 Bf5 5. Ng3 Bg6 6. h4 h6 7. Ne5 Bh7 8.
Qh5 g6 9. Qf3 Nf6 10. Qb3 Nd5 11. Qxb7 Nc7 12. Nxc6 Nxc6 13. Qxc6+ Qd7 14.
Qxd7+ Kxd7 15. Bc4 f5 16. d4 Rc8 17. Bf4 Bg7 18. O-O-O Rhd8 19. Rhe1 Ke8 20. d5
Kf8 21. d6 exd6 22. Bxd6+ Rxd6 23. Rxd6 Ne8 24. Rde6 Rxc4 25. Rxe8+ Kf7 26.
R8e7+ Kf8 27. Rxa7 f4 28. Rd1 Rc8 29. Rdd7 g5 30. Rf7+ Ke8 31. Rxg7 1-0

[Event "Bronshoj Lang Weekend 2013"]
[Site "Bronshoj"]
[Date "2013.02.10"]
[Round "4"]
[White "Olsen, Michael Richard W"]
[Black "Stolberg Rohr, Thomine"]
[Result "1/2-1/2"]
[WhiteElo "1896"]
[BlackElo "2025"]
[PlyCount "106"]
[EventDate "2013.??.??"]
[EventType "swiss"]
[EventRounds "7"]
[EventCountry "DEN"]

1. e4 e5 2. Bc4 Nc6 3. Nf3 Bc5 4. b4 Bxb4 5. c3 Bc5 6. O-O Na5 7. Be2 d6 8. d4
exd4 9. cxd4 Bb6 10. Nc3 Ne7 11. Bg5 O-O 12. Nd5 f6 13. Bh4 Ng6 14. Bg3 f5 15.
exf5 Bxf5 16. h4 Qd7 17. h5 Ne7 18. Ne3 Rae8 19. Nh4 Nac6 20. d5 Nd4 21. Bc4
Kh8 22. a4 Qd8 23. Ra2 Bd7 24. h6 gxh6 25. Qh5 Nef5 26. Nhxf5 Nxf5 27. Nxf5
Rxf5 28. Qxh6 Qg5 29. Qxg5 Rxg5 30. Bh4 Rg4 31. Bf6+ Kg8 32. a5 Bd4 33. Bxd4
Rxd4 34. Be2 Bf5 35. Bf3 Be4 36. Bxe4 Rexe4 37. Rc1 Rc4 38. Rb1 b6 39. axb6
axb6 40. Rb3 h5 41. Rf3 Rc1+ 42. Kh2 Rh4+ 43. Kg3 Rg4+ 44. Kh2 Rh4+ 45. Kg3
Rcc4 46. Rf5 Rhg4+ 47. Kh2 Rc3 48. Ra8+ Kg7 49. Rxh5 b5 50. Rhh8 Kf6 51. Rae8
Kg5 52. Rhg8+ Kh5 53. Rh8+ Kg5 1/2-1/2

[Event "Bronshoj Lang Weekend 2013"]
[Site "Bronshoj"]
[Date "2013.02.10"]
[Round "4"]
[White "Jacobsen, Mads Holger Bang"]
[Black "Moller, Arne Vagn"]
[Result "1-0"]
[WhiteElo "2007"]
[BlackElo "1745"]
[PlyCount "49"]
[EventDate "2013.??.??"]
[EventType "swiss"]
[EventRounds "7"]
[EventCountry "DEN"]

1. c4 c5 2. g3 g6 3. Bg2 Bg7 4. Nc3 Nc6 5. a3 a6 6. Rb1 Rb8 7. b4 cxb4 8. axb4
b5 9. cxb5 axb5 10. Nf3 Nf6 11. d4 d5 12. Bf4 Bf5 13. Bxb8 Bxb1 14. Bf4 Bf5 15.
Nxb5 O-O 16. O-O Qb6 17. Nc7 Qxb4 18. e3 Qb7 19. Qa4 Bd3 20. Rc1 Rb8 21. Nxd5
Ra8 22. Nxf6+ Bxf6 23. Qd1 Qb2 24. Ne1 Bb5 25. Rb1 1-0

[Event "Bronshoj Lang Weekend 2013"]
[Site "Bronshoj"]
[Date "2013.02.10"]
[Round "4"]
[White "Ulrich, Thomas"]
[Black "Christensen, Esben"]
[Result "1-0"]
[WhiteElo "2060"]
[BlackElo "1926"]
[PlyCount "97"]
[EventDate "2013.??.??"]
[EventType "swiss"]
[EventRounds "7"]
[EventCountry "DEN"]

1. e4 c5 2. Nf3 d6 3. d4 cxd4 4. Nxd4 Nf6 5. Nc3 a6 6. f4 e6 7. Be2 Qc7 8. O-O
Nc6 9. Be3 Be7 10. a4 O-O 11. Kh1 Rb8 12. Qe1 b6 13. Qf2 Nd7 14. Nxc6 Qxc6 15.
Bf3 Bb7 16. Rfd1 Qc7 17. Rd2 Rfd8 18. Rad1 Bc6 19. Qe2 Qb7 20. Bf2 Nc5 21. Ra1
Rbc8 22. b4 Bf6 23. e5 Bxf3 24. Qxf3 dxe5 25. Rxd8+ Rxd8 26. bxc5 Qxf3 27. gxf3
exf4 28. Rd1 Rc8 29. Ne4 bxc5 30. Nxf6+ gxf6 31. Rd6 c4 32. Bd4 e5 33. Bc3 Kg7
34. Rxa6 Rd8 35. Rb6 Rd1+ 36. Kg2 Rc1 37. Rb2 Ra1 38. a5 Kg6 39. Bb4 Kf5 40. c3
h5 41. Re2 h4 42. Kh3 Rf1 43. Kg2 Rd1 44. Ra2 e4 45. fxe4+ Kxe4 46. a6 f3+ 47.
Kh3 Rd3 48. a7 f2+ 49. Kg2 1-0

[Event "Bronshoj Lang Weekend 2013"]
[Site "Bronshoj"]
[Date "2013.02.10"]
[Round "4"]
[White "Nielsen, Morten Majlund"]
[Black "Mouritsen, Jan"]
[Result "1-0"]
[WhiteElo "1889"]
[BlackElo "1714"]
[PlyCount "69"]
[EventDate "2013.??.??"]
[EventType "swiss"]
[EventRounds "7"]
[EventCountry "DEN"]

1. d4 Nf6 2. c4 g6 3. Nc3 d5 4. Nf3 Bg7 5. Qb3 dxc4 6. Qxc4 a6 7. e4 b5 8. Qb3
O-O 9. e5 Be6 10. Qc2 Nd5 11. Nxd5 Bxd5 12. Be3 Nc6 13. Be2 Rc8 14. Qc5 Na5 15.
Qc3 c5 16. dxc5 Qc7 17. Rc1 Bxf3 18. Bxf3 Bxe5 19. Bd4 Nc4 20. b4 Rfd8 21. Bxe5
Nxe5 22. Be2 Rd5 23. O-O Rcd8 24. Rcd1 e6 25. a4 bxa4 26. Rxd5 Rxd5 27. Bxa6
Ng4 28. Qg3 Qxg3 29. hxg3 Ne5 30. Ra1 a3 31. f3 Nd3 32. c6 Nxb4 33. c7 Rc5 34.
c8=Q+ Rxc8 35. Bxc8 1-0

[Event "Bronshoj Lang Weekend 2013"]
[Site "Bronshoj"]
[Date "2013.02.10"]
[Round "4"]
[White "Madsen, Michael B"]
[Black "Kyrkjebo, Hanna Bakken"]
[Result "1/2-1/2"]
[WhiteElo "1945"]
[BlackElo "1543"]
[PlyCount "97"]
[EventDate "2013.??.??"]
[EventType "swiss"]
[EventRounds "7"]
[EventCountry "DEN"]

1. d4 d5 2. Nf3 Nf6 3. c4 c6 4. g3 e6 5. Bg2 Nbd7 6. O-O Bd6 7. Nc3 O-O 8. Nd2
Bc7 9. b3 c5 10. dxc5 Nxc5 11. cxd5 Nxd5 12. Nxd5 exd5 13. Bb2 Bf5 14. Rc1 Bb6
15. Ba3 Rc8 16. Nf3 Re8 17. Nd4 Be4 18. Bh3 Ne6 19. Rxc8 Qxc8 20. Nxe6 fxe6 21.
Bb2 Qc6 22. Qd2 Rf8 23. e3 Qe8 24. Qc3 Rf7 25. Rc1 Rc7 26. Qe5 Rxc1+ 27. Bxc1
Kh8 28. Qxe6 Qxe6 29. Bxe6 d4 30. exd4 Bxd4 31. Be3 Bxe3 32. fxe3 g5 33. Kf2
Kg7 34. Ke2 Kf6 35. Bc4 Ke5 36. a4 a5 37. Bd3 Bd5 38. Bc2 h5 39. Kd2 Bc6 40.
Kc3 Bd5 41. b4 b6 42. bxa5 bxa5 43. Bd3 Bc6 44. Bb5 Bd5 45. Kd3 Be6 46. e4 Ba2
47. Ke3 Be6 48. Kd3 Ba2 49. Ke3 1/2-1/2

[Event "Bronshoj Lang Weekend 2013"]
[Site "Bronshoj"]
[Date "2013.02.10"]
[Round "4"]
[White "Stuhr, Peter Sebastian"]
[Black "Hansen, Rasmus Agertoft"]
[Result "0-1"]
[WhiteElo "1825"]
[BlackElo "1975"]
[PlyCount "80"]
[EventDate "2013.??.??"]
[EventType "swiss"]
[EventRounds "7"]
[EventCountry "DEN"]

1. Nc3 d5 2. e4 Nf6 3. e5 d4 4. Nce2 Ne4 5. f3 Nc5 6. b4 Ne6 7. Ng3 Qd5 8. Bb2
Qxe5+ 9. Qe2 Qd6 10. a3 Nf4 11. Qe4 e5 12. Bc4 g6 13. N1e2 f5 14. Qxe5+ Qxe5
15. Bxd4 Qe7 16. Bxh8 Bg7 17. Bxg7 Qxg7 18. O-O Nxe2+ 19. Nxe2 Nc6 20. Rae1 Ne7
21. c3 Bd7 22. Nf4 O-O-O 23. Re2 g5 24. Rfe1 Nc6 25. Nd5 a6 26. a4 g4 27. f4
Kb8 28. d4 Bc8 29. b5 axb5 30. axb5 Na5 31. Ba2 Bd7 32. Re7 Qh6 33. c4 g3 34.
h3 b6 35. R1e3 Bc8 36. Rxg3 Rxd5 37. cxd5 Qxf4 38. Rg8 Qxd4+ 39. Kh2 Nb7 40.
Rxh7 Nd6 0-1

[Event "Bronshoj Lang Weekend 2013"]
[Site "Bronshoj"]
[Date "2013.02.10"]
[Round "4"]
[White "Schmidt, Horst Hubert"]
[Black "Andersen, Daniel"]
[Result "1/2-1/2"]
[WhiteElo "1683"]
[BlackElo "1844"]
[PlyCount "115"]
[EventDate "2013.??.??"]
[EventType "swiss"]
[EventRounds "7"]
[EventCountry "DEN"]

1. d4 Nf6 2. Nf3 g6 3. e3 Bg7 4. Be2 O-O 5. c4 c5 6. Nc3 d5 7. cxd5 Nxd5 8. O-O
Nxc3 9. bxc3 Nc6 10. Qb3 Na5 11. Qc2 cxd4 12. cxd4 Bd7 13. Bd2 Rc8 14. Qb2 b5
15. Bb4 Nc4 16. Bxc4 Rxc4 17. Rac1 Bf6 18. Nd2 Rxc1 19. Rxc1 Qb6 20. Ne4 Bh4
21. Qa3 Bc6 22. Nc5 Rc8 23. Ba5 Qb8 24. g3 Bf6 25. e4 Bxd4 26. Nb3 Bb6 27. Qxe7
Re8 28. Qf6 Bxa5 29. Qxc6 Bb6 30. Kg2 Qe5 31. f3 Rd8 32. Rc2 Kg7 33. f4 Qe8 34.
Qc3+ Kg8 35. e5 Qe6 36. Qc6 Qg4 37. Qf3 Qf5 38. Re2 Rd1 39. g4 Rg1+ 40. Kh3 Qe6
41. Rg2 Re1 42. Re2 Rxe2 43. Qxe2 h5 44. Kg3 Qxg4+ 45. Qxg4 hxg4 46. Kxg4 a5
47. f5 a4 48. Nd2 b4 49. fxg6 fxg6 50. Nc4 a3 51. Nd2 Kf7 52. Kf4 Ke6 53. Ke4
Bc7 54. Nb3 Bxe5 55. h3 Bd6 56. Nd4+ Kf6 57. Kd5 Be5 58. Nb3 1/2-1/2

[Event "Bronshoj Lang Weekend 2013"]
[Site "Bronshoj"]
[Date "2013.02.10"]
[Round "4"]
[White "Kyrkjebo, Eirik"]
[Black "Rhee, Alexander Kasper"]
[Result "0-1"]
[WhiteElo "1733"]
[BlackElo "2168"]
[PlyCount "44"]
[EventDate "2013.??.??"]
[EventType "swiss"]
[EventRounds "7"]
[EventCountry "DEN"]

1. e4 c5 2. Nc3 Nc6 3. Bb5 Nd4 4. Bc4 e6 5. Nge2 Nf6 6. d3 d5 7. exd5 exd5 8.
Bb3 Nxb3 9. axb3 d4 10. Nb1 Bd6 11. c3 O-O 12. Bf4 Bxf4 13. Nxf4 Re8+ 14. Kf1
Qd6 15. Qf3 Qe5 16. g3 Bg4 17. Qxb7 Rab8 18. Qc6 Rbc8 19. Qb7 Rc7 20. Qb5 Bf3
21. Ng2 Qe2+ 22. Kg1 Qd1+ 0-1

[Event "Bronshoj Lang Weekend 2013"]
[Site "Bronshoj"]
[Date "2013.02.10"]
[Round "4"]
[White "Kyrkjebo, Marte Bakken"]
[Black "Kokholm, Daniel"]
[Result "0-1"]
[WhiteElo "1632"]
[BlackElo "1910"]
[PlyCount "67"]
[EventDate "2013.??.??"]
[EventType "swiss"]
[EventRounds "7"]
[EventCountry "DEN"]

1. e4 d6 2. d4 Nf6 3. Nc3 g6 4. f3 c6 5. Be3 Nbd7 6. Qd2 b5 7. O-O-O a6 8. e5
b4 9. Nb1 dxe5 10. dxe5 Nd5 11. Bd4 e6 12. f4 c5 13. Bf2 h5 14. Be2 Nxe5 15. c4
bxc3 16. Nxc3 Bh6 17. Nxd5 exd5 18. Qxd5 Qxd5 19. Rxd5 Bxf4+ 20. Kd1 Bb7 21.
Rxe5+ Bxe5 22. Nf3 O-O-O+ 23. Ke1 Bxb2 24. Bxc5 Rhe8 25. Kf2 f6 26. Rb1 Be5 27.
Rb6 Rd5 28. Be3 Rd6 29. Rb3 g5 30. Nxe5 Rxe5 31. Bxh5 Rb5 32. Bg4+ Kd8 33. Rxb5
axb5 34. a3 0-1

[Event "Bronshoj Lang Weekend 2013"]
[Site "Bronshoj"]
[Date "2013.02.10"]
[Round "4"]
[White "Jorgensen, Mikkel"]
[Black "Hansen, Henrik Damgaard"]
[Result "1/2-1/2"]
[WhiteElo "1768"]
[BlackElo "1679"]
[PlyCount "66"]
[EventDate "2013.??.??"]
[EventType "swiss"]
[EventRounds "7"]
[EventCountry "DEN"]

1. d4 Nf6 2. f3 d6 3. e4 g6 4. c4 Bg7 5. Be3 O-O 6. Nc3 b6 7. Bd3 e5 8. d5 Na6
9. Nge2 Nc5 10. g4 Nxd3+ 11. Qxd3 a6 12. h4 Bd7 13. h5 Rb8 14. hxg6 fxg6 15.
O-O-O Rf7 16. Rh2 b5 17. c5 dxc5 18. Bxc5 b4 19. Nb1 Bb5 20. Qd2 a5 21. Rdh1
Bf8 22. Bxf8 Qxf8 23. Qe3 c6 24. Nd2 cxd5 25. exd5 Nxd5 26. Qg5 Qc5+ 27. Kb1
Bd3+ 28. Ka1 Ne3 29. Nc1 Nc2+ 30. Kb1 Na3+ 31. Ka1 Nc2+ 32. Kb1 Na3+ 33. Ka1
Nc2+ 1/2-1/2